000 00863nas a2200277 4500
001 BR2011006518
003 BR-BrBNA
005 20231205115213.0
007 ta
008 230509b bl.|||p| |||| 00| 00por d
040 _aBR-BrBNA
_bpor
_cBiblioteca Nacional de Agricultura
041 _a(Pt)
072 _aL73
100 1 _aLacerda Neto, J.C.
100 1 _aGravena, K.
100 1 _aCanola, J.C.
100 1 _aCattelan, J.W.
245 1 _aSinovite proliferativa crônica da articulação metacarpofalandiana em equínos: relato de caso
650 _aEQUÍNO
650 _aRADIOGRAFIA
650 _aOSSO
650 _aARTICULAÇÃO
773 0 _tArquivo Brasileiro de Medicina Veterinária e Zootecnia (Brazil)
_xISSN 0102-0935
_g(Apr 2011), v. 63(2) p. 488-491
_wBR2011006518
909 _a202311
_bLúcia
_c55
_dLúcia Elande
942 _2AGRIS
_n0
_cANA
999 _c212592
_d212592